00286nam a2200109Ia 4500008004100000082001600041100001400057245004900071250000800120260004000128300000800168191201s2011 xx 000 0 und d a005.73bDIM aDIXIT, JB 0aMastering data structures through C Language aRep c2011bLaxmi PublicationsaNEW DELHI a624